MARC

LEADER 00000nam0a2200000 4500
001 24468
005 20231030200227.0
010 |a 5824302510 
035 |a (RuTPU)RU\TPU\book\24697 
035 |a BOOK00024770 
090 |a 24468 
100 |a 20011209d2000 m y0rusy50 ca 
101 0 |a rus 
102 |a RU 
105 |a y j 000zy 
200 1 |a Мировая экономика  |e учебник для вузов  |f В. К. Ломакин 
210 |a Москва  |c ЮНИТИ  |d 2000 
215 |a 727 с. 
451 1 |0 (RuTPU)RU\TPU\book\67297  |y 5-238-00317-7  |t Мировая экономика  |o учебник для вузов  |f В. К. Ломакин  |e 2-е изд., перераб. и доп.  |c М.  |n ЮНИТИ-ДАНА  |d 2004  |p 735 с.  |a Ломакин, Виктор Кузьмич 
451 1 |0 (RuTPU)RU\TPU\book\8766  |y 5238000286  |t Мировая экономика  |o учебник  |f В. К. Ломакин  |c М.  |n Финансы  |n  ЮНИТИ  |d 1998  |p 727 с.  |a Ломакин, Виктор Кузьмич 
610 1 |a экономика 
610 1 |a мировая экономика 
610 1 |a мировое хозяйство 
610 1 |a рынки 
610 1 |a экономический рост 
610 1 |a страны мира 
610 1 |a Европа 
610 1 |a США 
610 1 |a Япония 
610 1 |a Германия 
610 1 |a развивающиеся страны 
610 1 |a капиталистические страны 
610 1 |a учебные пособия 
686 |a У5я73  |v LBC/SL-A  |2 rubbk 
700 1 |a Ломакин  |b В. К.  |g Виктор Кузьмич 
801 0 |a RU  |b 63413507  |c 20011209  |g PSBO 
801 2 |a RU  |b 63413507  |c 20220520  |g PSBO 
942 |c BK